[Event "Challenge"]
[Site "http://www.queenalice.com/game.php?id=550008"]
[Date "2009.3.4"]
[Round "-"]
[White "hehe"]
[Black "Saru"]
[Result "0-1"]
[WhiteElo "1224"]
[BlackElo "1440"]

1. c4 d5 2. Nc3 c6 3. cxd5 Bd7 4. dxc6 Nxc6 5. e4 e5 6. Nf3 Bg4 7. h3 Bh5 8. Qb3
Na5 9. Qb5+ Nc6 10. Nxe5 a6 11. Qd5 Nf6 12. Qb3 Na5 13. Qa4+ b5 14. Qc2 Bc5 15.
Nd5 Nc4 16. Nxc4 bxc4 17. Qxc4 Qc8 18. d4 Nxe4 19. Nb6 Nd6 20. Qa4+ Kd8 21. Nxc8
Kxc8 22. Qc6+ Kd8 0-1

[Event "Challenge"]
[Site "http://www.queenalice.com/game.php?id=550010"]
[Date "2009.3.4"]
[Round "-"]
[White "hehe"]
[Black "glaulinda"]
[Result "1-0"]
[WhiteElo "1051"]
[BlackElo "893"]

1. c4 c5 2. Nc3 Nf6 3. d4 cxd4 4. Qxd4 b5 5. Nxb5 a6 6. Nc3 d5 7. cxd5 Nxd5 8.
e3 Nxc3 9. bxc3 Qxd4 10. exd4 Bg4 11. f3 Bxf3 12. Nxf3 e6 13. Bf4 Nc6 14. g3 Ba3
15. Bg2 Bb2 16. Rb1 Bxc3+ 17. Nd2 Bxd2+ 18. Kxd2 Nxd4 19. Bxa8 Nc2 20. Rb8+ Kd7
21. Rxh8 f5 22. Kxc2 g6 23. Rd1+ Ke7 24. Bg5+ Kf7 25. Rd7# 1-0

[Event "Challenge"]
[Site "http://www.queenalice.com/game.php?id=550012"]
[Date "2009.3.4"]
[Round "-"]
[White "hehe"]
[Black "Julianoj"]
[Result "0-1"]
[WhiteElo "1219"]
[BlackElo "1164"]

1. c4 g6 2. b3 e6 3. Bb2 f6 4. e3 e5 5. Bd3 f5 6. Ba3 e4 7. Bc2 Qf6 8. Nc3 Bxa3
9. g4 Nh6 10. Nd5 Qe5 11. f4 Qd6 12. gxf5 Nxf5 13. Bxe4 Qe6 14. Nxc7+ Kd8 15.
Nxe6+ dxe6 16. Bxf5 exf5 17. d3 Re8 18. Qd2 b6 19. d4 Na6 20. b4 Bb7 21. d5 Bxb4
22. Qxb4 Nxb4 23. O-O-O Nxa2+ 24. Kd2 Re4 25. Kd3 Nb4+ 26. Kc3 a5 27. d6 Rxe3+
28. Kb2 Bxh1 0-1

[Event "Challenge"]
[Site "http://www.queenalice.com/game.php?id=550015"]
[Date "2009.3.4"]
[Round "-"]
[White "hehe"]
[Black "zemaria"]
[Result "0-1"]
[WhiteElo "1228"]
[BlackElo "1790"]

1. c4 e5 2. Nc3 Nf6 3. d4 exd4 4. Qxd4 Bb4 5. Bg5 h6 6. Qh4 Be7 7. c5 d6 8. Bxf6
Bxf6 9. Qa4+ Bd7 10. Qe4+ Be7 11. cxd6 cxd6 12. e3 Bc6 13. Bb5 g6 0-1

[Event "Challenge"]
[Site "http://www.queenalice.com/game.php?id=550366"]
[Date "2009.3.4"]
[Round "-"]
[White "hehe"]
[Black "carloscolangelo"]
[Result "0-1"]
[WhiteElo "1038"]
[BlackElo "1458"]

1. c4 e5 2. Nc3 Nf6 3. e4 Bc5 4. d4 exd4 5. e5 Qe7 6. Nd5 Qxe5+ 7. Ne2 d3 8. Bf4
Qxb2 9. Nxc7+ Kf8 10. Rb1 Qxa2 11. Nc3 Qxf2# 0-1

[Event "Challenge"]
[Site "http://www.queenalice.com/game.php?id=550369"]
[Date "2009.3.4"]
[Round "-"]
[White "hehe"]
[Black "crisvolei"]
[Result "1-0"]
[WhiteElo "1153"]
[BlackElo "1625"]

1. c4 e5 2. Nc3 Qg5 3. Nd5 Na6 4. e4 c6 5. Nf3 Qg4 6. Nxe5 Qxe4+ 7. Qe2 cxd5 8.
cxd5 Qxd5 9. Ng6+ Ne7 10. Nxh8 Nb4 11. Qd1 Qe4+ 12. Be2 Nc2+ 13. Kf1 Nxa1 14.
Bh5 Qc4+ 15. Qe2 Qxc1+ 16. Qd1 Qxb2 17. Qf3 g6 18. Qxf7+ Kd8 19. Qxf8+ Kc7 20.
Qxe7 gxh5 21. h4 Qxd2 22. Kg1 Qc1+ 23. Kh2 Qf4+ 24. Kg1 b6 25. Nf7 Bb7 26. Qe5+
Qxe5 27. Nxe5 Nc2 28. Kh2 Rg8 29. Nf3 a5 30. Rc1 Re8 31. Rxc2+ Bc6 32. Ng5 d5
33. Nxh7 d4 34. Nf6 Re6 35. Nxh5 d3 36. Rd2 Bb5 37. Nf4 Re1 38. h5 Kd6 39. h6
Re8 40. h7 a4 41. Nxd3 Rh8 42. Nf4+ Kc5 43. Rd5+ Kc6 44. Rh5 Bc4 45. a3 b5 46.
Ng6 Be2 47. Nxh8 Bxh5 48. Nf7 Bxf7 49. h8=Q Kc5 50. Qf8+ Kd5 51. Qxf7+ Kd4 52.
g4 Kc3 53. Qe7 Kb2 54. g5 Ka2 55. g6 b4 56. Qxb4 1-0

[Event "Challenge"]
[Site "http://www.queenalice.com/game.php?id=551221"]
[Date "2009.3.6"]
[Round "-"]
[White "leandrodaquimica"]
[Black "hehe"]
[Result "0-1"]
[WhiteElo "1278"]
[BlackElo "1077"]

1. e4 c5 2. d4 cxd4 3. Qxd4 Nc6 4. Qc4 Nf6 5. Nc3 Qb6 6. Bg5 Nd4 7. Nd5 Nxd5 8.
Qxd5 Nxc2+ 9. Kd2 Nxa1 10. Kc1 Qxf2 11. Qd1 d6 12. Kb1 Bg4 13. Qa4+ Kd8 14. Kxa1
Qxf1+ 15. Bc1 Qxc1# 0-1

[Event "Challenge"]
[Site "http://www.queenalice.com/game.php?id=551223"]
[Date "2009.3.6"]
[Round "-"]
[White "wgiovanini"]
[Black "hehe"]
[Result "1-0"]
[WhiteElo "1445"]
[BlackElo "1244"]

1. d4 d5 2. Nc3 e5 3. Nf3 e4 4. Ne5 Bd6 5. Bf4 Nd7 6. Nxd5 Nxe5 7. dxe5 g5 8.
Nf6+ Nxf6 9. exf6 gxf4 10. e3 Qxf6 11. Qd5 Qxb2 12. Bb5+ Bd7 13. O-O Qg7 14.
Bxd7+ Kxd7 15. Qf5+ Kd8 16. Qxe4 fxe3 17. fxe3 Qh6 18. h3 Re8 19. Qxb7 Qxe3+ 20.
Rf2 Rc8 21. Rb1 Bh2+ 22. Kxh2 1-0

[Event "Challenge"]
[Site "http://www.queenalice.com/game.php?id=551275"]
[Date "2009.3.6"]
[Round "-"]
[White "Greeley"]
[Black "hehe"]
[Result "1-0"]
[WhiteElo "1943"]
[BlackElo "1165"]

1. e4 c5 2. f4 d5 3. exd5 Qxd5 4. Nc3 Qd8 5. Nf3 e6 6. Ne5 b6 7. Qf3 Bb7 8. Qxb7
Nd7 9. Nxd7 Qc8 10. Qxc8+ Rxc8 11. Nxf8 Kxf8 12. Bc4 a6 13. a4 a5 14. O-O Nf6
15. d3 Ng4 16. Bd2 Nf6 17. h3 h5 18. Ne4 Rd8 19. Nxf6 gxf6 20. Bc3 Rh6 21. Rae1
f5 22. Rd1 Rg6 23. d4 Rg3 24. dxc5 Rxd1 25. Rxd1 bxc5 26. Bf6 Kg8 27. Rd8+ Kh7
28. Rh8+ 1-0

[Event "Challenge"]
[Site "http://www.queenalice.com/game.php?id=551733"]
[Date "2009.3.7"]
[Round "-"]
[White "RafaelCabral"]
[Black "hehe"]
[Result "1-0"]
[WhiteElo "2065"]
[BlackElo "1236"]

1. e4 d5 2. exd5 Qxd5 3. Nc3 Qd8 4. Nf3 e6 5. Bc4 Qe7 6. O-O Nf6 7. d4 Qd7 8.
Re1 c6 9. Ne5 Qd6 10. Bf4 Ng4 11. Qxg4 Qxd4 12. Rad1 Qb6 13. Nxf7 Kxf7 14. Bxe6+
Ke8 15. Bd7+ Kd8 16. Qg5+ Be7 17. Qxe7# 1-0

[Event "Challenge"]
[Site "http://www.queenalice.com/game.php?id=551734"]
[Date "2009.3.7"]
[Round "-"]
[White "FC"]
[Black "hehe"]
[Result "1-0"]
[WhiteElo "1514"]
[BlackElo "1146"]

1. e4 d5 2. Bb5+ Bd7 3. Bxd7+ Nxd7 4. Qf3 e5 5. exd5 Ngf6 6. d3 h5 7. Bg5 Nb6 8.
d6 e4 9. dxe4 Bxd6 10. Nc3 Qd7 11. h4 O-O 12. O-O-O 1-0

[Event "Challenge"]
[Site "http://www.queenalice.com/game.php?id=551861"]
[Date "2009.3.7"]
[Round "-"]
[White "ajr"]
[Black "hehe"]
[Result "1-0"]
[WhiteElo "1710"]
[BlackElo "1155"]

1. e4 e5 2. Nf3 c5 3. Nxe5 Qe7 4. d4 f5 5. Nc3 cxd4 6. Qxd4 Nc6 7. Nxc6 bxc6 8.
Bd3 c5 9. Qd5 Rb8 10. Qxf5 g6 11. Qf4 Bh6 12. Qxb8 Bxc1 13. Qxc8+ Kf7 14. Bc4+
Kg7 15. Rxc1 Nf6 16. Qb7 Nxe4 17. Nxe4 Kh6 18. O-O Qg7 19. g4 d5 20. Qxg7+ Kxg7
21. Bxd5 Rd8 22. Rcd1 Rb8 23. b3 Rb5 24. g5 Rb4 25. f3 Rd4 26. Rxd4 cxd4 27. Nf6
h6 28. h4 h5 29. Ne8+ Kf8 30. Re1 a5 31. Nf6 Kg7 32. Re7+ Kf8 33. Re8+ Kg7 34.
Rg8# 1-0

[Event "Challenge"]
[Site "http://www.queenalice.com/game.php?id=553867"]
[Date "2009.3.10"]
[Round "-"]
[White "hehe"]
[Black "aureliano"]
[Result "0-1"]
[WhiteElo "1230"]
[BlackElo "1642"]

1. Nc3 d5 2. d4 Bf5 3. e3 e6 4. g4 Be4 5. f3 Bg6 6. h4 Qd6 7. f4 Be4 8. Nf3 f5
9. g5 Ne7 10. Nb5 Qb4+ 11. c3 Qa5 12. b4 Qb6 13. Bd3 c6 14. Nd6+ Kd7 15. Bxe4
fxe4 16. Nf7 Rg8 17. N3e5+ Kc7 18. Qh5 h6 19. Ba3 Qb5 0-1

[Event "Challenge"]
[Site "http://www.queenalice.com/game.php?id=554277"]
[Date "2009.3.11"]
[Round "-"]
[White "pabloitu"]
[Black "hehe"]
[Result "1-0"]
[WhiteElo "1349"]
[BlackElo "1234"]

1. e4 e5 2. Qf3 Nc6 3. Bc4 Nf6 4. d4 Nxd4 5. Qd3 Nh5 6. Be3 c5 7. Nh3 d6 8. Bg5
Be7 9. Nc3 Bxg5 10. O-O Bxh3 11. Qxh3 g6 12. Nd5 Ne2+ 13. Bxe2 Nf4 14. Qf3 Nxd5
15. exd5 Bh4 16. Bb5+ 1-0

[Event "Challenge"]
[Site "http://www.queenalice.com/game.php?id=554278"]
[Date "2009.3.11"]
[Round "-"]
[White "kavalheiro"]
[Black "hehe"]
[Result "0-1"]
[WhiteElo "1537"]
[BlackElo "1217"]

1. e4 d6 2. Qh5 Nf6 3. Qb5+ c6 4. Qd3 d5 5. e5 Ng4 6. Nf3 Qb6 7. Ng5 Qxf2+ 8.
Kd1 Nxe5 9. Qa3 Bg4+ 10. Nf3 Nxf3 11. gxf3 Bxf3+ 12. Qxf3 Qxf3+ 13. Be2 Qxh1+
14. Bf1 Qxf1# 0-1

[Event "Challenge"]
[Site "http://www.queenalice.com/game.php?id=554282"]
[Date "2009.3.11"]
[Round "-"]
[White "mandacaru"]
[Black "hehe"]
[Result "1-0"]
[WhiteElo "1578"]
[BlackElo "1226"]

1. e4 e5 2. Nf3 Qe7 3. Nc3 Nf6 4. d4 b5 5. Bxb5 exd4 6. Ne2 Qb4+ 7. c3 Qxb5 8.
Nexd4 Qb7 9. e5 c5 10. exf6 cxd4 11. Qe2+ 1-0

[Event "Challenge"]
[Site "http://www.queenalice.com/game.php?id=555092"]
[Date "2009.3.12"]
[Round "-"]
[White "Barbudo"]
[Black "hehe"]
[Result "1-0"]
[WhiteElo "1790"]
[BlackElo "1173"]

1. e4 e5 2. Nf3 b5 3. Nxe5 Bd6 4. Ng4 Nf6 5. Bxb5 Nxg4 6. Qxg4 h5 7. Qxg7 Be5 8.
Qxe5+ Qe7 9. Qxh8+ Qf8 10. Qxh5 c6 11. Bc4 Qe7 12. d3 1-0